| 000 | 00000nam##2200000za#4500 |
| 001 | 9.615515 |
| 003 | CaOODSP |
| 005 | 20200514165628 |
| 007 | ta |
| 008 | 150406|2000||||xxc||||| f|0| 0 eng|d |
| 020 | |a0-662-30025-4 |
| 040 | |aCaOODSP|beng |
| 043 | |an-cn--- |
| 086 | 1 |aNH18-22/100-129E |
| 110 | 2 |aCanada Mortgage and Housing Corporation. |
| 245 | 10|aExtent of carbonation in buildings in Toronto |
| 260 | |aOttawa - Ontario : |bCanada Mortgage and Housing Corporation |c2000. |
| 300 | |a2p. ; |c28 cm. |
| 490 | 1 |aResearch highlight. Technical series |v00-129 |
| 563 | |aPamphlet |
| 590 | |a01-09|b2001-03-02 |
| 690 | 07|aBuildings|2gcpds |
| 690 | 07|aConstruction materials|2gcpds |
| 776 | 0#|tExtent of carbonation in buildings in Toronto |w(CaOODSP)9.580801 |
| 830 | #0|aResearch highlight. Technical series ;|v00-129|w(CaOODSP)9.514826 |
| 986 | |aNHA 2266 |